[Event "CZE-ch Open 2019"]
[Site "Ostrava"]
[Date "2019.04.27"]
[Round "1.21"]
[White "Ockay, Tomas"]
[Black "Mrazek, Lumir"]
[Result "0-1"]
[WhiteElo "2131"]
[BlackElo "2364"]
[Annotator "TA"]
[PlyCount "42"]
[EventDate "2019.04.27"]
[EventType "swiss"]
[EventCountry "CZE"]
[SourceTitle "playchess.com"]
[Source "ChessBase"]
[SourceQuality "1"]

{[%evp 11,42,16,22,22,41,0,23,-26,-14,-17,-14,-44,-63,-41,-40,-60,-56,-81,-40,-78,-89,-226,-212,-551,-553,-529,-543,-554,-500,-2285,-1732,-29990,-29991]} 1. Nf3 Nf6 2. b3 g6 3. Bb2 Bg7 4. g3 O-O 5. Bg2 c5 6. c4 d5 7. cxd5 {A05: Réti Opening: 1 Nf3 Nf6} Qxd5 (7... Nxd5 8. Bxg7 Kxg7 9. O-O Nc6 10. d4 cxd4 11. Nxd4 Nxd4 12. Qxd4+ Nf6 13. Qe5 Qb6 14. Nc3 Be6 15. Na4 Qb4 16. Qc5 a5 17. Qxb4 axb4 18. Bxb7 Ra5 19. Rfc1 Rd8 20. Rc5 {1-0 (67) Meier,G (2647)-Sebenik,M (2551) chess.com INT 2018}) 8. O-O Qh5 9. d4 {White has an edge.} Rd8 10. Nbd2 $146 ({Predecessor:} 10. Qc2 cxd4 11. Nxd4 Na6 12. Rd1 e5 13. Nc6 Re8 14. Nxe5 Rxe5 15. Bxe5 Qxe5 {½-½ (63) Semerij,Y (2228)-Efimenko,Z (2432) Alushta 2001}) 10... cxd4 11. Bxd4 Nc6 12. Bb2 Bg4 13. Qb1 Rac8 $36 {[%mdl 2048] Black is more active.} 14. a3 Bf5 15. Qa2 {[#]} e5 $1 {[%mdl 512] aiming for ...e4.} 16. Nc4 (16. Rad1 $17) (16. Bxe5 Nxe5) 16... e4 $19 17. Nfe5 $2 (17. Nh4 {is tougher.}) 17... Nxe5 18. Nxe5 Rd2 19. Rab1 e3 20. Rbc1 (20. Bf3 $142 Bg4 21. b4 Qxe5 22. Bxe5 Rxa2 23. Bxf6 Bxf3 24. Bxg7 Bxe2 25. Bh6 Bxf1 26. Rxf1) 20... exf2+ 21. Kh1 Rxc1 {[%mdl 64] Pin. Accuracy: White = 27%, Black = 85%.} 0-1

[Event "CZE-ch Open 2019"]
[Site "Ostrava"]
[Date "2019.04.27"]
[Round "1.22"]
[White "Hausner, Ivan"]
[Black "Taus, Martin"]
[Result "1-0"]
[WhiteElo "2349"]
[BlackElo "2104"]
[Annotator "TA"]
[PlyCount "77"]
[EventDate "2019.04.27"]
[EventType "swiss"]
[EventCountry "CZE"]
[SourceTitle "playchess.com"]
[Source "ChessBase"]
[SourceQuality "1"]

{[%evp 17,76,42,57,58,53,54,43,54,43,40,72,73,87,63,73,61,64,59,81,62,55,50,57,12,18,0,50,31,15,36,111,-37,-32,-25,137,132,117,-217,-227,-233,-237,-206,-215,-194,-110,-419,-402,-493,-466,-485,-485,-477,-470,-439,939,939,897,874,29997,29998,29999]} 1. c4 Nc6 2. Nc3 e5 3. Nf3 Nf6 4. d4 exd4 5. Nxd4 Nxd4 6. Qxd4 d6 7. g3 Be7 8. Bg2 O-O 9. O-O c6 10. b3 {A54: Old Indian Defence with Nf3, but without e4} Qb6 (10... Qa5 11. Bb2 Qh5 12. h4 Be6 13. Rad1 Qg6 14. Qf4 Nh5 15. Qd2 f5 16. e3 Rad8 17. Qc2 Bf6 {1-0 (66) Ghaem Maghami,E (2603)-Filippov,A (2607) Ha Long City 2009}) 11. Qd2 Be6 12. Bb2 {White is slightly better.} Rad8 13. e4 Rd7 $146 ({Predecessor:} 13... Ng4 14. Rae1 Ne5 15. Ba1 Bg4 16. Na4 Qa6 17. f4 Nd7 18. h3 b5 19. cxb5 cxb5 20. Nc3 Be6 21. f5 Bxb3 22. axb3 Nf6 23. Nd5 Nxd5 24. exd5 {1-0 (24) Grant,J (2275)-Harrold,B Aberdeen 1998}) 14. h3 Rfd8 15. Qe2 Ne8 16. Kh2 Nc7 17. Rad1 Bf8 18. f4 {Hoping for f5.} f6 19. Rfe1 Bf7 20. Qg4 Qa5 21. f5 $36 {[%mdl 2048] Black is under pressure.} Kh8 22. a3 Qb6 23. b4 Bxc4 (23... a5 $14) 24. Ne2 (24. e5 $1 $16) 24... a5 $15 25. Nf4 axb4 $2 {[#]} (25... Qb5 $11) 26. Ng6+ $1 $16 {[%mdl 512]} Kg8 {[#]} ({And not} 26... hxg6 27. Qh4+ Kg8 28. fxg6 Qg1+ 29. Rxg1 Be7 30. Rd5 $1 {[%mdl 512]} Bxd5 31. exd5 cxd5 32. Qh7+ Kf8 33. Qh8#) 27. Bxf6 $2 {[%mdl 8192]} (27. e5 $1 $16 {[%cal Re5f6]} dxe5 28. Qxc4+ Nd5 29. Nxf8 Kxf8 30. Qb3) 27... gxf6 $19 ({Inferior is} 27... hxg6 28. Bxd8 gxf5 29. exf5 $16) 28. Ne5+ Rg7 29. Nxc4 Qa6 30. Qe2 d5 ({Better is} 30... bxa3 $19 {aiming for ...d5.} 31. Qa2 d5 32. exd5 cxd5) 31. e5 $2 {[%mdl 8192]} (31. exd5 $17 {is a better chance.} cxd5 32. axb4) 31... Re8 32. Qh5 Qxc4 ({Resist} 32... Rg5 33. Qf3) 33. exf6 Rf7 {Strongly threatening ...Rxe1.} 34. Qg5+ Kh8 {White must now prevent ...Rxe1.} 35. Qh5 Rxe1 $4 {[%mdl 8192]} (35... Rxf6 $19 36. Rxe8 Nxe8 37. Qxe8 bxa3) 36. Qxf7 $18 {[%cal Rf7f8]} Re8 {[#]} 37. Re1 $1 {[%cal Re1e8][%mdl 512]} Rc8 {[#]} (37... Rxe1 38. Qxf8#) 38. Re7 $1 {[%mdl 576] Deflection} Bxe7 39. Qg7# {Accuracy: White = 35%, Black = 43%.} 1-0

[Event "CZE-ch Open 2019"]
[Site "Ostrava"]
[Date "2019.04.27"]
[Round "1.23"]
[White "Otruba, Marek"]
[Black "Jasny, Stanislav"]
[Result "0-1"]
[WhiteElo "2103"]
[BlackElo "2347"]
[Annotator "ChessBase"]
[PlyCount "76"]
[EventDate "2019.04.27"]
[EventType "swiss"]
[EventCountry "CZE"]
[SourceTitle "playchess.com"]
[Source "ChessBase"]
[SourceQuality "1"]
[TimeControl "40/5400+30:1800+30"]

1. d4 {[%emt 0:00:00]} d6 {[%emt 0:00:00]} 2. e4 {[%emt 0:00:40]} Nf6 {[%emt 0:00:01]} 3. Nc3 {[%emt 0:00:03]} g6 {[%emt 0:00:13]} 4. Bf4 {[%emt 0:01:01]} a6 {[%emt 0:01:17]} 5. Qd2 {[%emt 0:08:06]} b5 {[%emt 0:00:33]} 6. a3 {[%emt 0:05:25]} Bb7 {[%emt 0:01:54]} 7. f3 {[%emt 0:02:09]} Nbd7 {[%emt 0:00:11]} 8. O-O-O {[%emt 0:03:10]} Nb6 {[%emt 0:04:58]} 9. Bd3 {[%emt 0:04:39]} Nfd7 {[%emt 0:01:27]} 10. h4 {[%emt 0:08:21]} h6 {[%emt 0:00:46]} 11. Nh3 {[%emt 0:03:10]} e6 {[%emt 0:07:58]} 12. Be3 {[%emt 0:10:12]} Qe7 {[%emt 0:01:31]} 13. Qe2 {[%emt 0:16:39]} Bg7 14. f4 {[%emt 0:06:47]} O-O-O {[%emt 0:20:28]} 15. Ng1 {[%emt 0:09:51]} c5 {[%emt 0:03:11]} 16. e5 {[%emt 0:06:53]} c4 {[%emt 0:11:17]} 17. exd6 {[%emt 0:04:52]} Qxd6 {[%emt 0:00:12]} 18. Be4 {[%emt 0:00:04]} Nd5 {[%emt 0:03:23]} 19. Bd2 {[%emt 0:03:43]} Nxc3 {[%emt 0:02:51]} 20. Bxb7+ {[%emt 0:00:44]} Kxb7 {[%emt 0:00:06]} 21. Bxc3 {[%emt 0:00:18]} Nb6 {[%emt 0:05:41]} 22. Qe4+ {[%emt 0:02:20]} Qd5 {[%emt 0:03:00]} 23. Qxd5+ {[%emt 0:00:45]} Nxd5 {[%emt 0:00:09]} 24. g3 {[%emt 0:00:34]} Ne3 {[%emt 0:00:36]} 25. Re1 {[%emt 0:01:12]} Nf5 {[%emt 0:00:30]} 26. Ne2 {[%emt 0:00:41]} Nxd4 {[%emt 0:01:54]} 27. Nxd4 {[%emt 0:00:06]} Bxd4 {[%emt 0:00:08]} 28. Bxd4 {[%emt 0:00:13]} Rxd4 {[%emt 0:00:05]} 29. h5 {[%emt 0:00:31]} Rg8 {[%emt 0:02:42]} 30. Re5 {[%emt 0:00:55]} gxh5 {[%emt 0:00:48]} 31. Rh3 {[%emt 0:00:50]} h4 {[%emt 0:01:03]} 32. c3 {[%emt 0:00:30]} Rd3 {[%emt 0:02:53]} 33. Rxh4 {[%emt 0:00:11]} Rgxg3 {[%emt 0:00:06]} 34. Rxh6 {[%emt 0:00:44]} Rg1+ {[%emt 0:00:14]} 35. Kc2 {[%emt 0:00:12]} Rg2+ {[%emt 0:02:04]} 36. Kb1 {[%emt 0:00:44]} Rd1+ {[%emt 0:00:11]} 37. Ka2 {[%emt 0:00:03]} Rgg1 {[%emt 0:00:10]} 38. b4 {[%emt 0:00:29]} Rd2# {[%emt 0:00:07]} 0-1

[Event "CZE-ch Open 2019"]
[Site "Ostrava"]
[Date "2019.04.27"]
[Round "1.24"]
[White "Rubes, Jan"]
[Black "Holy, Filip"]
[Result "1-0"]
[WhiteElo "2345"]
[BlackElo "2096"]
[Annotator "TA"]
[PlyCount "43"]
[EventDate "2019.04.27"]
[EventType "swiss"]
[EventCountry "CZE"]
[SourceTitle "playchess.com"]
[Source "ChessBase"]
[SourceQuality "1"]

{[%evp 9,43,14,37,22,43,33,49,33,35,31,20,18,18,27,10,13,27,30,56,44,72,75,108,92,90,57,52,52,204,186,200,200,192,194,184,179]} 1. Nf3 d5 2. d4 Nf6 3. Bf4 c5 4. e3 Nc6 5. Nbd2 (5. c3 e6 6. Nbd2 cxd4 7. exd4 Nh5 8. Bg5 f6 9. Be3 Bd6 10. g3 O-O 11. Nh4 g6 12. Be2 Ng7 13. O-O e5 14. dxe5 fxe5 {½-½ (59) Aronian,L (2767)-Nakamura,H (2777) chess.com INT 2018}) 5... g6 6. dxc5 {D02: 1 d4 d5 2 Nf3 sidelines, including 2...Nf6 3 g3 and 2...Nf6 3 Bf4} Bg7 7. Bb5 $146 ({Predecessor:} 7. Ne5 Qa5 8. Nxc6 bxc6 9. Be5 Qxc5 10. Nb3 Qb6 11. Qd4 O-O 12. Bd3 Ne8 13. Bxg7 Nxg7 {½-½ (56) Hambleton,A (2501)-Brown,M (2506) chess.com INT 2018}) 7... O-O 8. O-O {White is slightly better.} Nh5 9. Bxc6 {[#] And now Ba4 would win.} Nxf4 10. exf4 {aiming for Ba4.} bxc6 11. c3 Qc7 12. Qa4 Bf5 13. Rfe1 Rab8 14. Nb3 Be4 15. Ne5 Rfc8 16. f3 Bf5 17. g4 Bc2 {With the idea ...f6.} 18. Re2 $36 {[%mdl 2048] White is more active.} f6 $2 (18... Bxe5 $14 19. fxe5 (19. Rxe5 e6 $11) 19... Bd3) 19. Qxc6 $1 $18 {White is clearly better.} ({Inferior is} 19. Rxc2 fxe5 20. Re1 e4 $11) 19... Qxc6 20. Nxc6 {[%mdl 64] [#] Discovered Attack} Rxc6 21. Rxc2 Bh6 22. Re1 {Accuracy: White = 82%, Black = 30%.} 1-0

[Event "CZE-ch Open 2019"]
[Site "Ostrava"]
[Date "2019.04.27"]
[Round "1.25"]
[White "Vanek, Tomas"]
[Black "Vokac, Marek"]
[Result "1/2-1/2"]
[WhiteElo "2095"]
[BlackElo "2343"]
[Annotator "TA"]
[PlyCount "75"]
[EventDate "2019.04.27"]
[EventType "swiss"]
[EventCountry "CZE"]
[SourceTitle "playchess.com"]
[Source "ChessBase"]
[SourceQuality "1"]

{[%evp 9,75,38,43,45,48,50,45,33,31,21,34,13,45,37,124,123,109,112,210,192,243,252,252,256,227,255,243,241,226,238,251,243,241,247,234,226,281,278,406,397,393,370,358,265,265,265,265,265,265,258,258,249,322,282,257,216,191,184,266,206,193,194,195,0,158,0,153,0]} 1. e4 g6 2. d4 Bg7 3. Nf3 d6 4. Bc4 a6 5. a4 b6 6. O-O {B06: Modern Defence} e6 7. Re1 Ne7 8. Ra3 $146 {White is slightly better.} ({Predecessor:} 8. Bf4 Bb7 9. Nbd2 Nd7 10. c3 O-O 11. h3 h6 12. Bh2 d5 13. exd5 Nxd5 {½-½ (41) Sprenger,J (2513)-Malakhov,V (2693) Sibenik 2016}) 8... h6 9. Nc3 {[%cal Bb1c3,Bc3e2,Be2f4][%mdl 32]} Nd7 10. Ne2 Bb7 11. Nf4 e5 (11... Nf6 $14) 12. dxe5 $16 dxe5 13. Rd3 $1 $36 {[%cal Rd3d7][%mdl 2048] Rxd7! is the strong threat. White has strong initiative.} exf4 (13... Bc6 $16) 14. e5 $1 $18 (14. Rxd7 $2 Qxd7 15. Bxf7+ Kd8 $19) 14... Bxf3 (14... Bd5 $142 15. Bxd5 Nxd5) 15. Qxf3 O-O {[#]} 16. e6 $1 Ne5 17. exf7+ Kh7 18. Rxe5 $1 Bxe5 19. Rxd8 Raxd8 20. Bxf4 Bxf4 21. Qxf4 Rd1+ 22. Bf1 c5 23. h4 Rd4 (23... h5 $142 24. Qf3 Rd4) 24. Qf6 Nd5 25. Qe6 {And now h5 would win.} Kg7 26. Qe5+ (26. Bxa6 Rxf7 27. Bd3 Rf6 $18) 26... Nf6 27. a5 (27. Bxa6 Rxa4 28. Bd3 Rxh4 $16) 27... bxa5 28. Qxc5 Rd1 29. g3 (29. Qxa5 $6 Rxf7 30. Qe5 (30. Qxa6 Ng4 $14) 30... h5 $18) 29... Rxf7 30. Qe5 (30. Qxa5 $6 Ng4 $18) 30... Rc1 31. c3 (31. Qxa5 Rxc2 32. Qe5 (32. Qxa6 Rxb2 33. Bd3 Rd7 $16) 32... Kh7 $16) 31... Rd1 32. Kg2 {Hoping for Bc4.} ({And not} 32. Qxa5 Ng4 $11) 32... Rd5 33. Qe6 Rfd7 (33... Rdd7 $142 34. Bc4 (34. Bxa6 Rfe7 $16) 34... Rfe7 35. Qxa6 Rd2) 34. Bxa6 ({Don't play} 34. Qxa6 $6 h5 $18) 34... R5d6 35. Qe2 Rd2 36. Qe6 R2d6 $1 {[%cal Rd6e6]} 37. Qe2 Rd2 {[#]} 38. Qe6 $2 {Accuracy: White = 77%, Black = 53%.} (38. Qe5 $1 $16) 1/2-1/2

[Event "CZE-ch Open 2019"]
[Site "Ostrava"]
[Date "2019.04.27"]
[Round "1.26"]
[White "Vesselovsky, Serguei"]
[Black "Kolar, Stanislav"]
[Result "1-0"]
[WhiteElo "2335"]
[BlackElo "2091"]
[Annotator "TA"]
[PlyCount "144"]
[EventDate "2019.04.27"]
[EventType "swiss"]
[EventCountry "CZE"]
[SourceTitle "playchess.com"]
[Source "ChessBase"]
[SourceQuality "1"]

{[%evp 9,144,37,33,0,2,4,0,0,12,12,9,14,16,7,23,18,29,26,48,14,18,7,10,13,14,14,14,14,8,6,29,27,68,37,48,46,47,29,70,50,65,58,68,39,58,51,53,50,81,11,12,20,15,0,141,109,104,33,47,45,35,-845,0,0,0,0,6,0,0,0,0,0,0,0,29,29,27,0,18,19,25,0,18,23,29,32,28,28,198,198,198,198,198,186,477,187,187,191,198,194,192,192,198,198,198,198,3789,0,156,0,1706,1871,1570,198,208,189,226,197,3812,3591,1605,1339,1572,1412,11997,7184,29979,29980,29980,29981,29981,29981,29979,29973,29979,29973,29987]} 1. e4 c6 2. d4 d5 3. Nc3 dxe4 4. Nxe4 Nf6 5. Nxf6+ exf6 6. Ne2 {B15: Caro-Kann: 3 Nc3: 3...g6 and 3...dxe4 4 Nxe4 Nf6 5 Nxf6+ exf6} (6. c3 Bd6 7. Bd3 O-O 8. Qc2 Re8+ 9. Be3 h6 10. Ne2 Na6 11. O-O Nc7 12. c4 Bg4 13. h3 Bxe2 14. Bxe2 Ne6 15. Rad1 Qc7 16. Bg4 Rad8 17. Rfe1 Bf4 18. Bxf4 Nxf4 19. Rxe8+ Rxe8 {½-½ (58) Svidler,P (2756)-Carlsen,M (2839) Porto Carras 2018}) 6... Bd6 7. g3 O-O 8. Bg2 {The position is equal.} Re8 9. O-O Na6 10. Re1 $146 ({Predecessor:} 10. a3 Bg4 11. Be3 Nc7 12. c4 Ne6 13. f3 Bf5 14. Nc3 {0-1 (38) Moreira,C (1726)-Ethier,V (1635) LSS email 2009}) 10... Bf5 {Hoping for ...Nb4.} 11. c3 Qd7 12. Bf4 g5 13. Bxd6 Qxd6 14. Nc1 Nc7 15. Nb3 Rxe1+ 16. Qxe1 Re8 17. Qd2 b6 18. Re1 Rxe1+ 19. Qxe1 a5 20. Nd2 b5 21. Nb3 a4 22. Na5 Bd7 23. a3 Nd5 24. Nb7 Qf8 25. Nc5 Qd6 26. c4 bxc4 27. Nxa4 Nc7 28. Nc5 Bf5 29. Qc3 ({Better is} 29. Qe3 $16) 29... Nb5 $11 30. Qxc4 {Black must now prevent Nb3.} Nxd4 31. a4 Ne6 (31... Qe5 $11 {remains equal.}) 32. Nxe6 $16 Bxe6 33. Qxc6 (33. Qc2 $16) 33... Qd1+ $14 34. Bf1 Bd5 35. Qe8+ Kg7 {( -> ...Qf3)} 36. Qe2 $1 {[%cal Re2d1]} Qxa4 37. h3 Be6 38. Bg2 Qb4 39. Kh2 h5 40. Qc2 Bb3 41. Qc3 Qb8 42. Kg1 Qb6 43. Qe3 Qb5 44. Qd4 Qf5 45. Bf1 Qf3 46. Qd3 Qb7 47. Qb5 Qxb5 48. Bxb5 {[%mdl 4096] Endgame KB-KB} f5 $2 (48... h4 $1 $11 {and Black is okay.}) 49. h4 $1 $18 f4 50. gxf4 gxh4 51. Kg2 Kf6 $2 (51... Be6 {is a better defense.} 52. Bd3 Kf6) 52. Bd3 $2 (52. Bd7 Ke7 53. Bf5) 52... Be6 53. b4 Ke7 54. f5 Bd5+ 55. Kh3 f6 56. Kxh4 Bf3 57. Kg3 Bd5 $2 (57... Bc6 58. b5 Be8) 58. Kh4 $2 (58. Be2 $1 $18 {[%cal Re2f3] is the precise move to win.} Bf7 59. Kh4) 58... Bf3 $16 59. Kg3 $2 (59. Bb5 $16) 59... Bd5 $18 {[#]} 60. Be2 $1 Bf7 61. Kh4 Kd6 62. Bxh5 Bc4 63. Be8 {aiming for Kh5.} Bd3 $2 (63... Be2 64. Bh5 Bb5) 64. Kg4 Ke5 {[#]} 65. Bd7 $1 Kd6 66. Be6 Ke5 67. Kh5 Bb5 68. Kg6 {White mates.} Be8+ 69. Kg7 Bb5 70. Kf7 Bc6 71. Ke7 Bb5 72. Bd7 Kd5 {Accuracy: White = 60%, Black = 41%.} 1-0

[Event "CZE-ch Open 2019"]
[Site "Ostrava"]
[Date "2019.04.27"]
[Round "1.27"]
[White "Neumann, Filip"]
[Black "Blatny, Pavel"]
[Result "1-0"]
[WhiteElo "2076"]
[BlackElo "2326"]
[Annotator "TA"]
[PlyCount "67"]
[EventDate "2019.04.27"]
[EventType "swiss"]
[EventCountry "CZE"]
[SourceTitle "playchess.com"]
[Source "ChessBase"]
[SourceQuality "1"]

{[%evp 9,67,50,62,58,52,56,56,53,70,48,81,51,75,73,79,-15,-12,-21,-5,-17,-20,-16,31,-31,17,18,19,14,73,5,29,18,18,-47,0,0,0,0,8,7,16,0,0,-72,-50,-70,-67,-77,0,0,0,-18,-20,-22,-12,-8,93,91,29995,29996]} 1. e4 b6 2. d4 Bb7 3. Bd3 e6 4. Nf3 g6 5. O-O Bg7 6. c4 {B00: Queen's Fianchetto Defence, Nimzowitsch Defence} (6. Re1 d6 7. c3 Ne7 8. Nbd2 Nd7 9. Nf1 O-O 10. Ng3 c5 11. Be3 e5 12. Qd2 exd4 13. cxd4 {½-½ (83) Alekseev,E (2622)-Fedoseev,V (2731) Sochi 2017}) 6... Ne7 7. Nc3 d6 8. Be3 {White is slightly better.} Nd7 9. Rc1 h6 10. b4 a5 11. a3 g5 $146 ({Predecessor:} 11... O-O) 12. c5 (12. d5 $16) 12... axb4 $11 13. axb4 bxc5 14. bxc5 dxc5 15. dxc5 g4 16. Ne1 (16. Nd4 $14) 16... h5 17. Bb5 c6 18. Be2 Qc7 {[#]} (18... O-O $11) 19. Nd3 (19. Na4 $1 $16) 19... Ng6 20. f4 gxf3 $1 21. Bxf3 (21. gxf3 $11 Nde5 22. Kh1) 21... Nde5 22. Nxe5 Bxe5 23. h3 Rd8 24. Qe2 Qa5 25. Bxh5 Ba6 $1 {[%cal Ra6e2]} ({Avoid the trap} 25... Bxc3 $2 26. Bxg6 O-O 27. Bh5 $18) 26. Bxg6 (26. Qf3 $11 {keeps the balance.} Bxf1 27. Bxg6) 26... Bxe2 $17 27. Bxf7+ Kd7 28. Nxe2 Qa2 (28... Rhf8 $17 {Threatens to win with ...Qb5.} 29. Kh1 Kc7) 29. Nf4 Qa3 $1 {[%cal Ra3e3]} 30. Rcd1+ Kc8 31. Bxe6+ Kc7 32. Rde1 {[#]} Bc3 (32... Rd1 $1 $11 {[%mdl 512]}) 33. Rb1 $16 {Nd5+! would kill now.} Bd2 $2 {[%mdl 8192] [#]} (33... Bb2 $16 34. Rf3 Qa4) 34. Nd5+ $1 {[%mdl 576] Back Rank. Accuracy: White = 43%, Black = 25%.} 1-0

[Event "CZE-ch Open 2019"]
[Site "Ostrava"]
[Date "2019.04.27"]
[Round "1.28"]
[White "Kulhanek, Tomas"]
[Black "Valencik, Jozef"]
[Result "1-0"]
[WhiteElo "2316"]
[BlackElo "2057"]
[Annotator "TA"]
[PlyCount "63"]
[EventDate "2019.04.27"]
[EventType "swiss"]
[EventCountry "CZE"]
[SourceTitle "playchess.com"]
[Source "ChessBase"]
[SourceQuality "1"]

{[%evp 16,63,53,37,52,47,52,36,95,87,124,125,108,118,109,104,103,104,105,100,103,97,93,105,99,22,31,17,110,108,70,72,83,32,33,0,0,0,0,0,0,0,5385,0,5373,2550,29988,1975,29983,29984]} 1. e4 e6 2. d4 d5 3. e5 c5 4. c3 Nc6 5. Nf3 Qb6 6. Be2 Nh6 7. Bxh6 gxh6 8. Qd2 Bd7 9. O-O Bg7 {C02: French: Advance Variation} (9... O-O-O 10. Na3 Rg8 11. Nc2 cxd4 12. cxd4 Be7 13. b4 Bxb4 14. Qxh6 Be7 15. Rab1 Qa5 16. Qxh7 Qxa2 17. Rfc1 {1-0 (43) Kadric,D (2554)-Ozen,D (2411) Belgrade 2018}) 10. Na3 a6 11. Nc2 Ne7 $146 ({Better is} 11... cxd4 $14 12. cxd4 O-O) ({Predecessor:} 11... O-O 12. b4 cxb4 13. cxb4 Ne7 14. a4 Ng6 15. Rfb1 Qd8 16. b5 a5 17. Ra3 {1-0 (29) Romero Echeverria,A (2064)-Colombo,C (2129) Montevideo 2009}) 12. Ne3 Bb5 13. Bxb5+ Qxb5 14. Ng4 Nf5 15. a4 Qb6 16. dxc5 Qxc5 17. Nd4 Nxd4 18. cxd4 Qe7 19. Rac1 h5 20. Ne3 (20. Nh6 $16) 20... O-O $11 21. Qe2 Qh4 (21... Qb4 $11 {keeps the balance.}) 22. f4 $16 Rac8 {Black wants to play ...Rxc1.} 23. g3 $36 {[%mdl 2048] Black is under strong pressure.} Qh3 24. Rxc8 (24. b4 $16) 24... Rxc8 $14 25. f5 Bh6 26. Qf3 Bxe3+ 27. Qxe3 exf5 $11 {KQR-KQR} 28. Qg5+ Kh8 $2 {[%mdl 8192]} (28... Kf8 $11) 29. Qf6+ $18 {[%mdl 64] Double Attack} Kg8 30. e6 Rf8 31. Rxf5 (31. Re1 $142 fxe6 32. Qxe6+ {[%mdl 64] Double Attack} Kg7 33. Qe7+ {[%mdl 64] Double Attack} Kg8 34. Qg5+ Kh8 {[#]} 35. Qh6 $1 {[%mdl 512]} Rc8 36. Re7 $1 {[%mdl 576] Double Attack}) 31... h6 32. e7 {Accuracy: White = 59%, Black = 49%.} 1-0

[Event "CZE-ch Open 2019"]
[Site "Ostrava"]
[Date "2019.04.27"]
[Round "1.29"]
[White "Didi, Jan"]
[Black "Svanda, Ondrej"]
[Result "1/2-1/2"]
[WhiteElo "2025"]
[BlackElo "2309"]
[Annotator "TA"]
[PlyCount "131"]
[EventDate "2019.04.27"]
[EventType "swiss"]
[EventCountry "CZE"]
[SourceTitle "playchess.com"]
[Source "ChessBase"]
[SourceQuality "1"]

{[%evp 22,131,35,8,19,22,30,43,116,125,125,125,138,145,303,308,293,262,276,234,256,219,222,217,493,29,22,21,104,131,156,138,127,139,228,235,639,647,665,-277,-281,-262,-255,-266,-104,-81,-95,-89,-98,-100,-79,-89,-91,-207,-181,-181,-181,-181,-181,-189,-184,-195,-223,-288,-277,-347,-347,-347,-345,-323,-255,-364,-350,-358,-266,-266,-266,-369,-327,-349,-229,-242,0,0,0,0,0,0,0,0,0,-197,-247,-29966,-29968,-29972,-29972,-29969,-4726,-29974,-29977,-29974,-5609,-29976,-29977,-29977,-29977,-29975,0,0,0,0]} 1. e4 c5 2. Nf3 e6 3. d4 cxd4 4. Nxd4 Nf6 5. Nc3 d6 6. Be3 a6 7. a4 Be7 8. Be2 O-O 9. O-O Nc6 10. f4 Qc7 11. Kh1 Bd7 12. Qe1 Rab8 {B85: Sicilian Scheveningen: 6 Be2 a6, lines with early Be3} (12... Nxd4 13. Bxd4 Bc6 14. Qg3 Ne8 15. Bd3 Bf6 16. e5 dxe5 17. fxe5 Rd8 18. Bb6 Qxb6 19. exf6 g6 20. Be4 Nd6 21. Qh4 Bxe4 22. Nxe4 Nxe4 23. Qxe4 Qxb2 {0-1 (49) Azarov,S (2575)-Iturrizaga Bonelli,E (2637) chess.com INT 2019}) 13. Qg3 Nxd4 14. Bxd4 g6 (14... Bc6 $14) 15. f5 e5 16. Be3 Bc6 17. Bh6 $146 ({Predecessor:} 17. Qh4 d5 18. exd5 Nxd5 19. Nxd5 Bxh4 20. Nxc7 {1-0 (41) Diesen,M (2360)-Filipowicz,A (2355) Polanica Zdroj 1977}) 17... Rfe8 $2 (17... b5 $16 18. Bxf8 Rxf8 19. axb5 axb5) 18. Bc4 $1 $18 {aiming for fxg6.} (18. fxg6 fxg6 19. Qh4 Qd8 $16) 18... d5 19. exd5 Bd7 20. fxg6 hxg6 {[#]} 21. d6 $1 $40 {[%mdl 640] Threatening mate with Qxg6+. White is out for blood.} Qxc4 (21... Qxd6 22. Qxg6+) 22. dxe7 Qe6 $2 (22... Nh5 23. Qxe5 Qe6) 23. Qh4 $2 (23. Rxf6 $18 Qxf6 24. Nd5) 23... Nh7 $11 24. Bf8 Bc6 (24... f5 $11) 25. Rae1 $1 $16 Nxf8 26. exf8=Q+ ({Much less strong is} 26. exf8=B Rxf8 27. Rf6 Qc8 $14) 26... Rxf8 27. Rf6 Qd7 (27... Qc8 $16 {was necessary.}) 28. Rd1 $18 ({Weaker is} 28. Rxe5 Qd2 $11) 28... Qc7 $2 (28... Qc8 29. Rdd6 Kg7) 29. Rd3 Kg7 30. Rdd6 $4 {[%mdl 8192]} (30. Rfd6 $18 {White wants to mate with Qf6+.} Qc8 31. Rh3 Qxh3 32. Qxh3) 30... Rbd8 $19 31. Qb4 Qe7 {Strongly threatening ...Rxd6.} 32. h3 {intending Rxg6+.} Qxf6 $2 ({But not} 32... Rxd6 33. Rxd6 Qg5 34. Nd5 $17) (32... Rd7 $19 {is more deadly. And now ...Rfd8 would win.} 33. Kg1 Rfd8) 33. Rxf6 $17 Kxf6 34. Ne4+ Bxe4 35. Qxe4 {[%mdl 4096] Endgame KQ-KRR} Rd7 36. c3 Re8 37. Qg4 (37. Kg1 $17 {was called for.}) 37... Ree7 38. Qe4 Kg7 $1 {White must now prevent ...f5.} 39. g4 Rd1+ 40. Kg2 Rd2+ {[%mdl 64] Double Attack} 41. Kg3 Rxb2 42. g5 Rb6 43. h4 Rc6 44. c4 Rd6 45. c5 Rc6 46. h5 (46. Qd5 $142) 46... gxh5 $19 47. Qe3 f5 {( -> ...f4+)} 48. gxf6+ Rxf6 49. Kh4 Rf5 50. Qg3+ Kf7 51. Qb3+ Ke8 $2 (51... Kg6 $19 {...Ref7 is the strong threat.} 52. Qg8+ Kh6 53. Qh8+ Kg6 54. Qg8+ Kh6) 52. Qg8+ $11 Rf8 53. Qg6+ Rff7 54. c6 bxc6 55. Qxc6+ Kf8 {Threatens to win with ...e4.} 56. Qc8+ $2 (56. Qh6+ $11 Kg8 57. Qg6+ Rg7 58. Qxa6) 56... Kg7 $19 57. Kxh5 $2 (57. Qc3 $19) 57... e4 $1 {[%cal Re4e3]} 58. Qg4+ Kh8 59. Qc8+ Kh7 60. Qxa6 e3 61. Qd3+ Kh8 (61... Kg8 $142 62. Qe2 Rf4 63. Qb5 Ref7 64. Qb1 e2 65. Kg5 {[#]} R7f5+ $1 {[%mdl 512]} 66. Kh6 Rf6+ 67. Kh5 Kg7 68. Qb7+ Rf7 69. Qg2+ Kh7 70. Qg6+ Kh8 71. Qe6 R7f5+ 72. Kg6 Rf6+ $1 {[%mdl 576] Promotion} 73. Qxf6+ Rxf6+ 74. Kxf6 e1=Q 75. Kg5 Qb4 76. Kf5 Qxa4 77. Ke5 Qc4 78. Kf6 Qd4+ 79. Kf7 Qe4 80. Kf6 Kh7 81. Kg5 Kg7 82. Kh5 Kf6 83. Kh6 Qh4#) 62. Qd4+ Kg8 63. Qd8+ Kg7 64. Qd4+ Kh7 $2 (64... Rf6 {mates} 65. Kg5 Ree6 66. Qa7+ Kg8 67. Qb8+ Kf7 68. Qc7+ Re7 69. Qc4+ Rfe6 70. Kh5 e2 71. Qf4+ Kg7 72. Qg3+ Kh7 73. Qd3+ Re4 74. Kg5 Kg7 75. Qd6 R7e5+ 76. Qxe5+ Rxe5+ 77. Kh4 e1=Q+ 78. Kg4 Re3 79. Kg5 Qg3+ 80. Kh5 Re5#) 65. Qd3+ $11 Kh8 66. Qd8+ {Accuracy: White = 52%, Black = 41%.} 1/2-1/2